000 00474nam a2200181Ia 4500
005 20250508152546.0
008 008 250505s9999 xx 000 0 hin d
037 _aTextual
040 _aFEDL
_beng
_cFEDL
041 _ahin
_2hin
084 _a954.01, KAP
_qFEDL
100 _aKapoor Yadunand
_9761796
245 0 _aAshok
260 _aAligarh, India
_bCollege Book Store
300 _a259p.
942 _cTEXL
_h954.01, KAP
999 _c1337240
_d1337240